000 00219nam a22000857a 4500
008 161116b xxu||||| |||| 00| 0 eng d
100 _91263
_aMarti
245 _aWhat is a tree?
260 _aNew delhi
_bNational book trust
_c2006
999 _c3966
_d3966